000 00689nam a2200229 i 4500
001 106033
003 ES-MaACL
007 t|
008 060921s1975 fr ||||1| fre d
020 _a2-7071-0776-X
080 _a330.342.14:330.85
100 1 _aValier, Jacques.
_9112700
245 1 0 _aSur l'imperialisme /
_cJacques Valier.
260 _aParis :
_bFrançois Maspero,
_c1975.
300 _a164 p. ;
_c18 cm.
490 1 _aPetite collection Maspero ;
_v151
500 _aBiblioteca Juan Andrade.
650 1 4 _aImperialismo-
_xConcepto marxista.
_913600
830 0 _aPetite collection Maspero ;
_v151
_9179674
852 _aES-MaACL
_jAND-818
_bR.110110
999 _c106033
_d106033